000 00387 a2200157 4500
001 73670
020 _a8854323-0
040 _cAnchieta - Colégio São Paulo
100 _aMelo, João
240 1 0 _aImitação de Sartre & Simone de Beauvoir
_lpor
245 1 0 _aImitação de Sartre & Simone de Beauvoir
300 _a91
362 0 _a0
650 4 _aFicção portuguesa
942 _cBK
999 _c73670
_d73670